000 00596nam a2200229 a 4500
001 nice12345678
003 IN_TiNIC
005 20260116014615.0
008 050524s2003 lona grp 000 0 eng
020 _a0192801821
_c150
082 0 0 _a306
_bYOU
100 _aYoung, Robert J C
245 _aPost Colonialism
_b a Very Short Introduction
260 _aLondan
_bOxford University Press
_c2003
300 _a180p
500 _aincludes index and biblioraphy
505 2 _aBibliography, Index
700 1 _aYoung, Robert J C
902 _bSRS
942 _cBK
999 _c16203
_d16203